Meilleurs films animés selon myanimelist - Statistiques

Statistiques générales
  • Ce quiz a été pris 134 fois
  • Le résultat moyen est 10 sur 50
Statistiques - réponses
# année studio Réponse % Correct
45 2011 Kyoto animation K-On!
90%
5 2016 CoMix Wave Films Kimi no Na wa.
71%
7 2001 Ghibli Sen to Chihiro no Kamikakushi
69%
12 2004 Ghibli Howl no Ugoku Shiro
57%
9 2020 Ufotable Kimetsu no Yaiba Mugen Ressha-hen
54%
2 2016 Kyoto animation Koe no Katachi
52%
18 2021 MAPPA Jujutsu Kaisen 0
38%
28 1988 Ghibli Hotaru no Haka
37%
11 1997 Ghibli Mononoke Hime
36%
22 2018 VOLN Kimi no Suizou wo Tabetai
34%
46 2019 CoMix Wave Films Tenki no Ko
32%
3 2020 Kyoto animation Violet Evergarden
24%
39 2019 Kyoto animation Violet Evergarden Gaiden Eien to Jidou Shuki Ningyou
24%
47 2009 Khara Evangelion: 2.0
22%
23 1997 Gainax / Production I.G Neon Genesis Evangelion: The End of Evangelion
22%
8 2020 Ufotable Fate stay night Heaven's Feel III Spring Song
17%
24 2019 Ufotable Fate stay night Heaven's Feel II Lost Butterfly
17%
27 2010 Sunrise Gintama Shinyaku Benizakura-hen
17%
1 2021 Bandai Namco Gintama: The Final
16%
35 2012 Sunrise Gintama Yorinuki Gintama-san
16%
4 2013 Sunrise Gintama Yorozuya yo Eien Nare
16%
29 2020 Bones Josee, the Tiger and the Fish
16%
43 1984 Topcraft Kaze no Tani no Nausicaä
16%
26 1998 Madhouse Perfect Blue
14%
17 2012 Chizu Ookami Kodomo no Ame to Yuki
13%
6 2017 Shaft Kizumonogatari III: Reiketsu-hen
11%
19 2016 Shaft Kizumonogatari II: Nekketsu-hen
11%
41 2016 Shaft Kizumonogatari I Tekketsu-hen
11%
10 2020 Kinema citrus Made in Abyss Fukaki Tamashii no Reimei
11%
44 2019 Kinema citrus Made in Abyss Hourou Suru Tasogare
11%
14 2019 CloverWorks Seishun Buta Yarou wa Yumemiru Shoujo no Yume wo Minai
11%
33 2013 White Fox Steins;Gate Fuka Ryouiki no Déjà vu
11%
21 2009 Gainax Tengen Toppa Gurren Lagann
11%
40 2001 Bones Cowboy Bebop Tengoku no Tobira
9%
50 2002 TMS Entertainment Detective Conan The Phantom of Baker Street
9%
30 2019 J.C.Staff Kono Subarashii Sekai ni Shukufuku wo! Kurenai Densetsu
6%
42 2012 Shaft Mahou Shoujo Madoka★Magica Eien no Monogatari
6%
34 2013 Shaft Mahou Shoujo Madoka★Magica Hangyaku no Monogatari
6%
36 2018 P.A. Works Sayonara no Asa ni Yakusoku no Hana wo Kazarou
6%
15 2010 Kyoto animation Suzumiya Haruhi no Shoushitsu
6%
13 2021 Khara Evangelion 3.0+1.0
4%
25 2008 Ufotable Kara no Kyoukai Mujun Rasen
4%
37 2009 Ufotable Kara no Kyoukai Satsujin Kousatsu
4%
16 2015 Artland Mushishi Zoku Shou: Suzu no Shizuku
4%
31 2018 Shaft Zoku Owarimonogatari
4%
48 2011 Brain's Base Hotarubi no Mori e
3%
20 2021 Kinema citrus Shoujo☆Kageki Revue Starlight
3%
38 2018 Shuka Natsume Yuujinchou Utsusemi ni Musubu
2%
32 2019 CloverWorks Saenai Heroine no Sodatekata Fine
2%
49 2016 A-1 Pictures Doukyuusei
0%
Aucun quiz correspondant
Distribution des résultats
% des personnes avec chaque résultat
Percentile par nombre de réponses
Votre historique - résultats
Vous n’avez pas pris ce quiz